00475nam a22001457a 4500003000500000038002200005082000800027100003000035245008900065264003200154300001900186650003100205700003600236856005700272NUST aZafar Iqbal Malik a200 aKhalid, Muhammad Abdullah aEnhancing Realism in Simulators using Generative AI ModelscMuhammad Abdullah Khalid aIslamabadbSEECS NUSTc2024 a44, p.c35 cm. aMS-Electrical Engineering  aSupervisor: Dr. Wajahat Hussain uhttp://10.250.8.41:8080/xmlui/handle/123456789/49083